[Event "Stay Safe Play From Home 378"]
[Site "Emanuel Lasker Arena"]
[Date "2020.08.12"]
[Round "3"]
[White "Hickey"]
[Black "Mepe_Nika"]
[Result "0-1"]
[WhiteElo "2038"]
[BlackElo "2371"]
[PlyCount "86"]
[EventDate "2020.08.12"]
[EventType "swiss (blitz)"]

1. Nf3 {[%emt 0:00:02]} d5 {[%emt 0:00:01]} 2. c4 {[%emt 0:00:02]} c6 {[%emt 0:00:01]} 3. b3 {[%emt 0:00:02]} Nf6 {[%emt 0:00:05]} 4. Bb2 {[%emt 0:00:01]} Bf5 {[%emt 0:00:04]} 5. e3 {[%emt 0:00:08]} e6 {[%emt 0:00:01]} 6. Be2 {[%emt 0:00:01]} Be7 {[%emt 0:00:01]} 7. Nh4 {[%emt 0:00:03]} Be4 {[%emt 0:00:03]} 8. d3 {[%emt 0:00:03]} Bg6 {[%emt 0:00:04]} 9. Nd2 {[%emt 0:00:06]} a5 {[%emt 0:00:05]} 10. a3 {[%emt 0:00:02]} Nbd7 {[%emt 0:00:02]} 11. Ndf3 {[%emt 0:00:02]} Bh5 {[%emt 0:00:03]} 12. h3 {[%emt 0:00:03]} a4 {[%emt 0:00:05]} 13. b4 {[%emt 0:00:02]} dxc4 {[%emt 0:00:01]} 14. dxc4 {[%emt 0:00:02]} Ne4 {[%emt 0:00:01]} 15. Qc2 {[%emt 0:00:59]} Nxf2 {[%emt 0:00:07]} 16. Kxf2 {[%emt 0:00:00]} Bxh4+ {[%emt 0:00:01]} 17. Nxh4 {[%emt 0:00:02]} Qxh4+ {[%emt 0:00:00]} 18. g3 {[%emt 0:00:00]} Qg5 {[%emt 0:00:05]} 19. h4 {[%emt 0:00:09]} Qh6 {[%emt 0:00:06]} 20. Rad1 {[%emt 0:00:44]} Bxe2 {[%emt 0:00:03]} 21. Qxe2 {[%emt 0:00:00]} Nf6 {[%emt 0:00:09]} 22. Qf3 {[%emt 0:00:05]} Qg6 {[%emt 0:00:07]} 23. Bxf6 {[%emt 0:00:04]} Qxf6 {[%emt 0:00:01]} 24. Qxf6 {[%emt 0:00:02]} gxf6 {[%emt 0:00:00]} 25. c5 {[%emt 0:00:05]} Ke7 {[%emt 0:00:02]} 26. e4 {[%emt 0:00:10]} Rad8 {[%emt 0:00:01]} 27. Ke3 {[%emt 0:00:01]} Rhg8 {[%emt 0:00:03]} 28. Rxd8 {[%emt 0:00:10]} Rxd8 {[%emt 0:00:00]} 29. g4 {[%emt 0:00:05]} e5 {[%emt 0:00:05]} 30. Rf1 {[%emt 0:00:03]} Rd4 {[%emt 0:00:01]} 31. Rf5 {[%emt 0:00:02]} Rc4 {[%emt 0:00:02]} 32. Kd3 {[%emt 0:00:00]} Rc1 {[%emt 0:00:01]} 33. Rh5 {[%emt 0:00:02]} Rg1 {[%emt 0:00:03]} 34. Rxh7 {[%emt 0:00:07]} Rxg4 {[%emt 0:00:01]} 35. Rh8 {[%emt 0:00:09]} Rg3+ {[%emt 0:00:01]} 36. Kc4 {[%emt 0:00:00]} Rxa3 {[%emt 0:00:00]} 37. Rb8 {[%emt 0:00:01]} Re3 {[%emt 0:00:03]} 38. Rxb7+ {[%emt 0:00:01]} Ke6 {[%emt 0:00:02]} 39. Rc7 {[%emt 0:00:04]} Rxe4+ {[%emt 0:00:01]} 40. Kd3 {[%emt 0:00:01]} Rxb4 {[%emt 0:00:01]} 41. Rxc6+ {[%emt 0:00:01]} Kf5 {[%emt 0:00:01]} 42. Rxf6+ {[%emt 0:00:00]} Kxf6 {[%emt 0:00:01]} 43. h5 {[%emt 0:00:14]} a3 {[%emt 0:00:03] Hickey resigns Hickey resigns Hickey resigns (Lag: Av=0.65s, max=1.3s) (Lag: Av=0.65s, max=1.3s) (Lag: Av=0.65s, max=1.3s)} 0-1

[Event "Stay Safe Play From Home 378"]
[Site "Emanuel Lasker Arena"]
[Date "2020.08.12"]
[Round "3"]
[White "Greblah"]
[Black "Saanvi 14"]
[Result "0-1"]
[WhiteElo "1941"]
[BlackElo "1366"]
[Annotator "NA"]
[PlyCount "58"]
[EventDate "2020.08.12"]
[EventType "swiss (blitz)"]

1. e4 {[%emt 0:00:01]} c5 {[%emt 0:00:03]} 2. Nc3 {[%emt 0:00:02]} e6 {[%emt 0:00:03]} 3. g3 {[%emt 0:00:01]} Nc6 {[%emt 0:00:06]} 4. Bg2 {[%emt 0:00:01]} a6 {[%emt 0:00:07]} 5. d3 {[%emt 0:00:03]} Nf6 {[%emt 0:00:13]} 6. Be3 {[%emt 0:00:03]} d5 {[%emt 0:00:07]} 7. exd5 {[%emt 0:00:01]} exd5 {[%emt 0:00:09]} 8. d4 {[%emt 0:00:02]} Qb6 {[%emt 0:00:13]} 9. Bxd5 {[%emt 0:00:47]} cxd4 {[%emt 0:00:14]} 10. Bxc6+ {[%emt 0:00:20]} Qxc6 {[%emt 0:00:09]} 11. Qxd4 {[%emt 0:00:03]} Qxh1 {[%emt 0:00:06]} 12. O-O-O {[%emt 0:00:02]} Be6 {[%emt 0:00:12]} 13. f3 {[%emt 0:00:41]} Be7 {[%emt 0:00:11]} 14. Qd2 {[%emt 0:00:51]} Rd8 {[%emt 0:00:16]} 15. Bd4 {[%emt 0:00:01]} Bc5 {[%emt 0:00:11]} 16. Qf2 {[%emt 0:00:03]} Rxd4 {[%emt 0:00:09]} 17. Re1 {[%emt 0:00:22]} Rd1+ {[%emt 0:00:12]} 18. Nxd1 {[%emt 0:00:09]} Bxf2 {[%emt 0:00:03]} 19. Nxf2 {[%emt 0:00:02]} Qxh2 {[%emt 0:00:03]} 20. Nd3 {[%emt 0:00:09]} Qxg3 {[%emt 0:00:04]} 21. f4 {[%emt 0:00:11]} O-O {[%emt 0:00:04]} 22. Ne2 {[%emt 0:00:01]} Qe3+ {[%emt 0:00:05]} 23. Kb1 {[%emt 0:00:01]} Ne4 {[%emt 0:00:03]} 24. Nec1 {[%emt 0:00:08]} Nd2+ {[%emt 0:00:10]} 25. Ka1 {[%emt 0:00:02]} Qb6 {[%emt 0:00:07]} 26. Re2 {[%emt 0:00:07]} Nc4 {[%emt 0:00:02]} 27. b3 {[%emt 0:00:04]} Qd4+ {[%emt 0:00:06]} 28. c3 {[%emt 0:00:29]} Qxc3+ {[%emt 0:00:02]} 29. Nb2 {[%emt 0:00:01]} Qxc1# {[%emt 0:00:04] (Lag: Av=1.06s, max=2.6s) (Lag: Av=1.06s, max=2.6s) (Lag: Av=1.06s, max=2.6s)} 0-1

[Event "Stay Safe Play From Home 378"]
[Site "Emanuel Lasker Arena"]
[Date "2020.08.12"]
[Round "3"]
[White "Haris kollari 13"]
[Black "Erdema"]
[Result "1-0"]
[WhiteElo "1908"]
[BlackElo "1689"]
[Annotator "NA"]
[PlyCount "105"]
[EventDate "2020.08.12"]
[EventType "swiss (blitz)"]

1. e4 {[%emt 0:00:01]} e5 {[%emt 0:00:02]} 2. f4 {[%emt 0:00:01]} Nc6 {[%emt 0:00:02]} 3. Nf3 {[%emt 0:00:01]} d6 {[%emt 0:00:02]} 4. Bb5 {[%emt 0:00:01]} Bd7 {[%emt 0:00:02]} 5. c3 {[%emt 0:00:01]} a6 {[%emt 0:00:02]} 6. Ba4 {[%emt 0:00:02]} Be7 {[%emt 0:00:02]} 7. d4 {[%emt 0:00:01]} exd4 {[%emt 0:00:02]} 8. cxd4 {[%emt 0:00:01]} Nf6 {[%emt 0:00:02]} 9. Nc3 {[%emt 0:00:02]} O-O {[%emt 0:00:02]} 10. O-O {[%emt 0:00:01]} b5 {[%emt 0:00:02]} 11. Bc2 {[%emt 0:00:01]} Nb4 {[%emt 0:00:06]} 12. Bb1 {[%emt 0:00:02]} c5 {[%emt 0:00:02]} 13. d5 {[%emt 0:00:04]} a5 {[%emt 0:00:05]} 14. a3 {[%emt 0:00:07]} Na6 {[%emt 0:00:03]} 15. Qc2 {[%emt 0:00:07]} g6 {[%emt 0:00:03]} 16. e5 {[%emt 0:00:12]} dxe5 {[%emt 0:00:06]} 17. fxe5 {[%emt 0:00:01]} Bf5 {[%emt 0:00:06]} 18. Qd2 {[%emt 0:00:07]} Ng4 {[%emt 0:00:10]} 19. Bxf5 {[%emt 0:00:04]} gxf5 {[%emt 0:00:02]} 20. h3 {[%emt 0:00:01]} b4 {[%emt 0:00:07]} 21. Ne2 {[%emt 0:00:08]} Nxe5 {[%emt 0:00:44]} 22. Nxe5 {[%emt 0:00:02]} Bf6 {[%emt 0:00:04]} 23. Nc6 {[%emt 0:00:04]} Qd6 {[%emt 0:00:06]} 24. axb4 {[%emt 0:00:02]} axb4 {[%emt 0:00:05]} 25. Rxf5 {[%emt 0:00:06]} Bg7 {[%emt 0:00:08]} 26. Kh1 {[%emt 0:00:06]} Kh8 {[%emt 0:00:02]} 27. Qd3 {[%emt 0:00:08]} Nc7 {[%emt 0:00:08]} 28. Bf4 {[%emt 0:00:04]} Rxa1+ {[%emt 0:00:14]} 29. Kh2 {[%emt 0:00:01]} Qd7 {[%emt 0:00:06]} 30. Rh5 {[%emt 0:00:14]} f5 {[%emt 0:00:08]} 31. Ng3 {[%emt 0:00:11]} Qxd5 {[%emt 0:00:05]} 32. Qxd5 {[%emt 0:00:06]} Nxd5 {[%emt 0:00:02]} 33. Bd6 {[%emt 0:00:01]} Rf6 {[%emt 0:00:06]} 34. Nxf5 {[%emt 0:00:01]} Bf8 {[%emt 0:00:14]} 35. Be5 {[%emt 0:00:02]} Ra6 {[%emt 0:00:14]} 36. Nb8 {[%emt 0:00:07]} Rae6 {[%emt 0:00:07]} 37. Nd7 {[%emt 0:00:15]} Bd6 {[%emt 0:00:04]} 38. Nxd6 {[%emt 0:00:06]} Rxe5 {[%emt 0:00:17]} 39. Nxf6 {[%emt 0:00:04]} Rxh5 {[%emt 0:00:13]} 40. Nxh5 {[%emt 0:00:02]} Ne3 {[%emt 0:00:04]} 41. Nf4 {[%emt 0:00:10]} c4 {[%emt 0:00:02]} 42. Ne2 {[%emt 0:00:07]} c3 {[%emt 0:00:06]} 43. bxc3 {[%emt 0:00:15]} b3 {[%emt 0:00:02]} 44. Nb5 {[%emt 0:00:01]} b2 {[%emt 0:00:04]} 45. Na3 {[%emt 0:00:01]} Nc4 {[%emt 0:00:05]} 46. Nb1 {[%emt 0:00:01]} Kg7 {[%emt 0:00:03]} 47. Kg3 {[%emt 0:00:01]} Kf6 {[%emt 0:00:01]} 48. Kf4 {[%emt 0:00:01]} Ke6 {[%emt 0:00:02]} 49. Ke4 {[%emt 0:00:01]} h5 {[%emt 0:00:03]} 50. Nd4+ {[%emt 0:00:04]} Kd6 {[%emt 0:00:03]} 51. Nf5+ {[%emt 0:00:03]} Kc5 {[%emt 0:00:08]} 52. Ng7 {[%emt 0:00:01]} Na5 {[%emt 0:00:02]} 53. Kd3 {[%emt 0:00:02] Zaman Zaman Zaman (Lag: Av=0.62s, max=1.3s) (Lag: Av=0.62s, max=1.3s) (Lag: Av=0.62s, max=1.3s) ' ' '} 1-0

[Event "Stay Safe Play From Home 378"]
[Site "Emanuel Lasker Arena"]
[Date "2020.08.12"]
[Round "3"]
[White "buzaglo"]
[Black "MihailoVujic"]
[Result "0-1"]
[WhiteElo "1753"]
[BlackElo "2141"]
[PlyCount "128"]
[EventDate "2020.08.12"]
[EventType "swiss (blitz)"]

1. d4 {[%emt 0:00:02]} d5 {[%emt 0:00:01]} 2. Nf3 {[%emt 0:00:01]} Nc6 {[%emt 0:00:01]} 3. g3 {[%emt 0:00:01]} Bf5 {[%emt 0:00:02]} 4. Bg2 {[%emt 0:00:01]} e6 {[%emt 0:00:00]} 5. O-O {[%emt 0:00:01]} Nb4 {[%emt 0:00:00]} 6. Na3 {[%emt 0:00:02]} Nf6 {[%emt 0:00:02]} 7. c3 {[%emt 0:00:01]} Nc6 {[%emt 0:00:02]} 8. Nc2 {[%emt 0:00:01]} Ne4 {[%emt 0:00:02]} 9. Nd2 {[%emt 0:00:02]} h5 {[%emt 0:00:04]} 10. h4 {[%emt 0:00:07]} Bd6 {[%emt 0:00:03]} 11. Nxe4 {[%emt 0:00:03]} Bxe4 {[%emt 0:00:01]} 12. Bxe4 {[%emt 0:00:06]} dxe4 {[%emt 0:00:01]} 13. d5 {[%emt 0:00:07]} exd5 {[%emt 0:00:05]} 14. Qxd5 {[%emt 0:00:01]} Qe7 {[%emt 0:00:01]} 15. Bg5 {[%emt 0:00:06]} f6 {[%emt 0:00:02]} 16. Be3 {[%emt 0:00:01]} O-O-O {[%emt 0:00:03]} 17. Qb5 {[%emt 0:00:15]} g5 {[%emt 0:00:04]} 18. hxg5 {[%emt 0:00:06]} h4 {[%emt 0:00:01]} 19. gxf6 {[%emt 0:00:11]} Qe6 {[%emt 0:00:05]} 20. Nd4 {[%emt 0:01:05]} Nxd4 {[%emt 0:00:04]} 21. Bxd4 {[%emt 0:00:11]} hxg3 {[%emt 0:00:00]} 22. fxg3 {[%emt 0:01:08]} Qh3 {[%emt 0:00:03]} 23. Qf5+ {[%emt 0:00:02]} Qxf5 {[%emt 0:00:16]} 24. Rxf5 {[%emt 0:00:00]} Rdg8 {[%emt 0:00:12]} 25. Raf1 {[%emt 0:00:24]} Rxg3+ {[%emt 0:00:40]} 26. Kf2 {[%emt 0:00:01]} e3+ {[%emt 0:00:03]} 27. Ke1 {[%emt 0:00:07]} Kd7 {[%emt 0:00:29]} 28. f7 {[%emt 0:00:04]} Rf8 {[%emt 0:00:01]} 29. R5f3 {[%emt 0:00:04]} c5 {[%emt 0:00:22]} 30. Bxe3 {[%emt 0:00:01]} Rxf3 {[%emt 0:00:06]} 31. Rxf3 {[%emt 0:00:01]} Ke6 {[%emt 0:00:00]} 32. Bh6 {[%emt 0:00:03]} Rxf7 {[%emt 0:00:01]} 33. Rxf7 {[%emt 0:00:01]} Kxf7 {[%emt 0:00:00]} 34. Kd2 {[%emt 0:00:01]} Ke6 {[%emt 0:00:11]} 35. Kd3 {[%emt 0:00:01]} b5 {[%emt 0:00:03]} 36. Be3 {[%emt 0:00:01]} c4+ {[%emt 0:00:02]} 37. Kc2 {[%emt 0:00:01]} a6 {[%emt 0:00:01]} 38. b3 {[%emt 0:00:01]} Kd5 {[%emt 0:00:01]} 39. Bd4 {[%emt 0:00:02]} Ke4 {[%emt 0:00:02]} 40. Kd2 {[%emt 0:00:01]} Bf4+ {[%emt 0:00:01]} 41. Kc2 {[%emt 0:00:01]} Bg3 {[%emt 0:00:05]} 42. a4 {[%emt 0:00:01]} bxa4 {[%emt 0:00:08]} 43. bxa4 {[%emt 0:00:00]} Be1 {[%emt 0:00:02]} 44. Kd1 {[%emt 0:00:05]} Bg3 {[%emt 0:00:02]} 45. Kc2 {[%emt 0:00:01]} Bf4 {[%emt 0:00:01]} 46. e3 {[%emt 0:00:03]} Bxe3 {[%emt 0:00:02]} 47. Bh8 {[%emt 0:00:03]} Bc5 {[%emt 0:00:03]} 48. Bg7 {[%emt 0:00:01]} Ke3 {[%emt 0:00:02]} 49. Bf6 {[%emt 0:00:02]} Ke2 {[%emt 0:00:01]} 50. Bg5 {[%emt 0:00:01]} Be3 {[%emt 0:00:02]} 51. Bf6 {[%emt 0:00:01]} Bf2 {[%emt 0:00:02]} 52. Bg7 {[%emt 0:00:01]} Kf3 {[%emt 0:00:01]} 53. Bf6 {[%emt 0:00:00]} Ke4 {[%emt 0:00:00]} 54. Bh8 {[%emt 0:00:00]} Bg3 {[%emt 0:00:00]} 55. Bg7 {[%emt 0:00:01]} Be5 {[%emt 0:00:01]} 56. Bf8 {[%emt 0:00:01]} Kd5 {[%emt 0:00:02]} 57. Be7 {[%emt 0:00:01]} Bd6 {[%emt 0:00:00]} 58. Bg5 {[%emt 0:00:00]} Bc5 {[%emt 0:00:01]} 59. Bf6 {[%emt 0:00:01]} Bb6 {[%emt 0:00:01]} 60. Bh8 {[%emt 0:00:01]} Ke4 {[%emt 0:00:01]} 61. Bg7 {[%emt 0:00:00]} Bc7 {[%emt 0:00:00]} 62. Bh8 {[%emt 0:00:00]} Be5 {[%emt 0:00:00]} 63. Bxe5 {[%emt 0:00:02]} Kxe5 {[%emt 0:00:00]} 64. Kd2 {[%emt 0:00:00]} Kf4 {[%emt 0:00:01] Time Time Time (Lag: Av=0.90s, max=1.5s) (Lag: Av=0.90s, max=1.5s) (Lag: Av=0.90s, max=1.5s)} 0-1

[Event "Stay Safe Play From Home 378"]
[Site "Emanuel Lasker Arena"]
[Date "2020.08.12"]
[Round "3"]
[White "Dukic"]
[Black "Klasman"]
[Result "1-0"]
[WhiteElo "1751"]
[BlackElo "1570"]
[Annotator "NA"]
[PlyCount "55"]
[EventDate "2020.08.12"]
[EventType "swiss (blitz)"]

1. d4 {[%emt 0:01:50]} f5 {[%emt 0:00:02]} 2. c4 {[%emt 0:00:01]} Nf6 {[%emt 0:00:01]} 3. Nc3 {[%emt 0:00:01]} e6 {[%emt 0:00:01]} 4. f3 {[%emt 0:00:01]} Bb4 {[%emt 0:00:01]} 5. Qc2 {[%emt 0:00:02]} c5 {[%emt 0:00:01]} 6. dxc5 {[%emt 0:00:02]} Bxc5 {[%emt 0:00:05]} 7. Bg5 {[%emt 0:00:02]} Qb6 {[%emt 0:00:04]} 8. Nh3 {[%emt 0:00:03]} O-O {[%emt 0:00:03]} 9. a3 {[%emt 0:00:02]} d5 {[%emt 0:00:02]} 10. cxd5 {[%emt 0:00:07]} Nxd5 {[%emt 0:00:03]} 11. Na4 {[%emt 0:00:05]} Qa5+ {[%emt 0:00:20]} 12. Bd2 {[%emt 0:00:02]} Bb4 {[%emt 0:00:21]} 13. axb4 {[%emt 0:00:06]} Qd8 {[%emt 0:00:11]} 14. e3 {[%emt 0:00:13]} Qh4+ {[%emt 0:00:05]} 15. g3 {[%emt 0:00:05]} Qh5 {[%emt 0:00:02]} 16. Bg2 {[%emt 0:00:05]} Nc6 {[%emt 0:00:01]} 17. Qb3 {[%emt 0:00:06]} b5 {[%emt 0:00:29]} 18. Nc5 {[%emt 0:00:03]} g5 {[%emt 0:00:11]} 19. O-O {[%emt 0:00:04]} Rf6 {[%emt 0:00:05]} 20. e4 {[%emt 0:00:04]} Nb6 {[%emt 0:00:23]} 21. Bxg5 {[%emt 0:00:06]} Rg6 {[%emt 0:00:03]} 22. Be3 {[%emt 0:00:02]} Nc4 {[%emt 0:00:07]} 23. Nf4 {[%emt 0:00:11]} Qh6 {[%emt 0:00:21]} 24. Bc1 {[%emt 0:00:07]} Rf6 {[%emt 0:00:22]} 25. Nd5 {[%emt 0:00:02]} exd5 {[%emt 0:00:18]} 26. Bxh6 {[%emt 0:00:03]} Rxh6 {[%emt 0:00:02]} 27. exd5 {[%emt 0:00:02]} Nd4 {[%emt 0:00:01]} 28. Qd3 {[%emt 0:00:02] Klasman resigns Klasman resigns Klasman resigns (Lag: Av=0.45s, max=0.8s) (Lag: Av=0.45s, max=0.8s) (Lag: Av=0.45s, max=0.8s)} 1-0

[Event "Stay Safe Play From Home 378"]
[Site "Emanuel Lasker Arena"]
[Date "2020.08.12"]
[Round "3"]
[White "CabianoFaruana"]
[Black "SelamiSahin"]
[Result "1/2-1/2"]
[WhiteElo "1620"]
[BlackElo "2189"]
[Annotator "NA"]
[PlyCount "61"]
[EventDate "2020.08.12"]
[EventType "swiss (blitz)"]

{- Yarar, Atakan} 1. e4 {[%emt 0:00:01]} c6 {[%emt 0:00:06]} 2. c4 {[%emt 0:00:02]} d5 {[%emt 0:00:01]} 3. cxd5 {[%emt 0:00:01]} cxd5 {[%emt 0:00:01]} 4. exd5 {[%emt 0:00:00]} Nf6 {[%emt 0:00:02]} 5. Nf3 {[%emt 0:00:01]} Nxd5 {[%emt 0:00:14]} 6. Nc3 {[%emt 0:00:01]} Nc6 {[%emt 0:00:03]} 7. Bc4 {[%emt 0:00:01]} Nb6 {[%emt 0:00:06]} 8. Bb3 {[%emt 0:00:06]} Bf5 {[%emt 0:00:05]} 9. d4 {[%emt 0:00:02]} e6 {[%emt 0:00:02]} 10. O-O {[%emt 0:00:03]} Be7 {[%emt 0:00:03]} 11. d5 {[%emt 0:00:03]} exd5 {[%emt 0:00:02]} 12. Nxd5 {[%emt 0:00:00]} Nxd5 {[%emt 0:00:03]} 13. Qxd5 {[%emt 0:00:07]} Qxd5 {[%emt 0:00:03]} 14. Bxd5 {[%emt 0:00:00]} Rc8 {[%emt 0:00:08]} 15. Re1 {[%emt 0:00:16]} Rd8 {[%emt 0:00:20]} 16. Bxc6+ {[%emt 0:00:18]} bxc6 {[%emt 0:00:00]} 17. Be3 {[%emt 0:00:01]} a6 {[%emt 0:00:12]} 18. Bc5 {[%emt 0:00:01]} Be6 {[%emt 0:00:03]} 19. Rac1 {[%emt 0:00:06]} Bxc5 {[%emt 0:00:04]} 20. Rxc5 {[%emt 0:00:02]} O-O {[%emt 0:00:06] SelamiSahin beraberlik teklif ediyor SelamiSahin beraberlik teklif ediyor SelamiSahin beraberlik teklif ediyor} 21. a3 {[%emt 0:00:33]} Rd6 {[%emt 0:00:07]} 22. b4 {[%emt 0:00:02]} Bd5 {[%emt 0:00:05]} 23. Rec1 {[%emt 0:00:44]} Rc8 {[%emt 0:00:13]} 24. Ne5 {[%emt 0:00:08]} f6 {[%emt 0:00:06]} 25. Nf3 {[%emt 0:00:07]} Kf7 {[%emt 0:00:07]} 26. Ra5 {[%emt 0:00:01]} Bxf3 {[%emt 0:00:16]} 27. gxf3 {[%emt 0:00:02]} Ra8 {[%emt 0:00:00]} 28. Rac5 {[%emt 0:00:09]} Rc8 {[%emt 0:00:01]} 29. Ra5 {[%emt 0:00:01]} Ra8 {[%emt 0:00:01]} 30. Rac5 {[%emt 0:00:00]} Rc8 {[%emt 0:00:01]} 31. Ra5 {[%emt 0:00:00] (Lag: Av=0.52s, max=0.7s) (Lag: Av=0.52s, max=0.7s) (Lag: Av=0.52s, max=0.7s)} 1/2-1/2

[Event "Stay Safe Play From Home 378"]
[Site "Emanuel Lasker Arena"]
[Date "2020.08.12"]
[Round "4"]
[White "SelamiSahin"]
[Black "Mepe_Nika"]
[Result "1-0"]
[WhiteElo "2173"]
[BlackElo "2375"]
[PlyCount "137"]
[EventDate "2020.08.12"]
[EventType "swiss (blitz)"]

{Yarar, Atakan} 1. d4 {[%emt 0:00:02]} d5 {[%emt 0:00:02]} 2. c4 {[%emt 0:00:02]} c6 {[%emt 0:00:01]} 3. Nc3 {[%emt 0:00:02]} Nf6 {[%emt 0:00:01]} 4. Nf3 {[%emt 0:00:08]} e6 {[%emt 0:00:01]} 5. g3 {[%emt 0:00:02]} dxc4 {[%emt 0:00:02]} 6. Bg2 {[%emt 0:00:00]} Nbd7 {[%emt 0:00:01]} 7. a4 {[%emt 0:00:10]} Bb4 {[%emt 0:00:03]} 8. O-O {[%emt 0:00:07]} O-O {[%emt 0:00:01]} 9. Qc2 {[%emt 0:00:05]} Qe7 {[%emt 0:00:01]} 10. a5 {[%emt 0:00:19]} e5 {[%emt 0:00:03]} 11. dxe5 {[%emt 0:00:08]} Nxe5 {[%emt 0:00:00]} 12. Nxe5 {[%emt 0:00:00]} Qxe5 {[%emt 0:00:00]} 13. a6 {[%emt 0:00:07]} Bf5 {[%emt 0:00:03]} 14. e4 {[%emt 0:00:03]} Bc8 {[%emt 0:00:13]} 15. Ra4 {[%emt 0:00:06]} Bxc3 {[%emt 0:00:03]} 16. Bf4 {[%emt 0:00:04]} Qb5 {[%emt 0:00:09]} 17. bxc3 {[%emt 0:00:01]} bxa6 {[%emt 0:00:11]} 18. Rb1 {[%emt 0:00:01]} Qh5 {[%emt 0:00:03]} 19. Rxc4 {[%emt 0:00:09]} Bh3 {[%emt 0:00:02]} 20. Rxc6 {[%emt 0:00:16]} Bxg2 {[%emt 0:00:20]} 21. Kxg2 {[%emt 0:00:00]} Rfc8 {[%emt 0:00:04]} 22. Rxa6 {[%emt 0:00:04]} Qc5 {[%emt 0:00:12]} 23. Rb7 {[%emt 0:00:05]} h6 {[%emt 0:00:12]} 24. h4 {[%emt 0:00:16]} Rc6 {[%emt 0:00:03]} 25. Qb3 {[%emt 0:00:05]} Rf8 {[%emt 0:00:30]} 26. Raxa7 {[%emt 0:00:07]} Nxe4 {[%emt 0:00:07]} 27. Be3 {[%emt 0:00:17]} Qf5 {[%emt 0:00:03]} 28. Rb5 {[%emt 0:00:03]} Qg6 {[%emt 0:00:17]} 29. Rb8 {[%emt 0:00:06]} Rcc8 {[%emt 0:00:10]} 30. Raa8 {[%emt 0:00:04]} Rxb8 {[%emt 0:00:12]} 31. Rxb8 {[%emt 0:00:00]} Rxb8 {[%emt 0:00:01]} 32. Qxb8+ {[%emt 0:00:01]} Kh7 {[%emt 0:00:00]} 33. Qe5 {[%emt 0:00:10]} Nf6 {[%emt 0:00:15]} 34. Bd4 {[%emt 0:00:11]} Qg4 {[%emt 0:00:26]} 35. c4 {[%emt 0:00:03]} Qc8 {[%emt 0:00:17]} 36. c5 {[%emt 0:00:01]} Qc6+ {[%emt 0:00:03]} 37. f3 {[%emt 0:00:05]} Ne8 {[%emt 0:00:16]} 38. Qe4+ {[%emt 0:00:05]} Qxe4 {[%emt 0:00:03]} 39. fxe4 {[%emt 0:00:00]} Kg6 {[%emt 0:00:02]} 40. c6 {[%emt 0:00:03]} Nd6 {[%emt 0:00:02]} 41. c7 {[%emt 0:00:07]} f6 {[%emt 0:00:02]} 42. e5 {[%emt 0:00:07]} fxe5 {[%emt 0:00:03]} 43. Bxe5 {[%emt 0:00:00]} Nc8 {[%emt 0:00:00]} 44. Kf3 {[%emt 0:00:03]} Kf7 {[%emt 0:00:03]} 45. h5 {[%emt 0:00:03]} g6 {[%emt 0:00:01]} 46. hxg6+ {[%emt 0:00:05]} Kxg6 {[%emt 0:00:00]} 47. Ke4 {[%emt 0:00:04]} h5 {[%emt 0:00:03]} 48. Kd5 {[%emt 0:00:03]} Kf7 {[%emt 0:00:01]} 49. Bd6 {[%emt 0:00:10]} Ke8 {[%emt 0:00:02]} 50. Ke6 {[%emt 0:00:03]} Nb6 {[%emt 0:00:01]} 51. Bf4 {[%emt 0:00:05]} Nc8 {[%emt 0:00:01]} 52. Kf5 {[%emt 0:00:02]} Kf7 {[%emt 0:00:06]} 53. Kg5 {[%emt 0:00:01]} h4 {[%emt 0:00:02]} 54. Kxh4 {[%emt 0:00:01]} Kg6 {[%emt 0:00:01]} 55. Kg4 {[%emt 0:00:01]} Ne7 {[%emt 0:00:00]} 56. Kf3 {[%emt 0:00:01]} Nc8 {[%emt 0:00:00]} 57. Ke4 {[%emt 0:00:01]} Nb6 {[%emt 0:00:00]} 58. Kd4 {[%emt 0:00:01]} Nc8 {[%emt 0:00:00]} 59. Kc5 {[%emt 0:00:00]} Kf7 {[%emt 0:00:00]} 60. Kc6 {[%emt 0:00:00]} Ke8 {[%emt 0:00:00]} 61. g4 {[%emt 0:00:01]} Ne7+ {[%emt 0:00:00]} 62. Kb7 {[%emt 0:00:01]} Kd7 {[%emt 0:00:00]} 63. g5 {[%emt 0:00:03]} Nc8 {[%emt 0:00:00]} 64. Bd2 {[%emt 0:00:01]} Ne7 {[%emt 0:00:00]} 65. Bc3 {[%emt 0:00:01]} Nc8 {[%emt 0:00:00]} 66. g6 {[%emt 0:00:04]} Nd6+ {[%emt 0:00:00]} 67. Kb8 {[%emt 0:00:00]} Nc8 {[%emt 0:00:00] Mepe_Nika offers a draw Mepe_Nika offers a draw Mepe_Nika offers a draw} 68. g7 {[%emt 0:00:01]} Ne7 {[%emt 0:00:00]} 69. c8=Q+ {[%emt 0:00:01] Time Time Time (Lag: Av=0.49s, max=0.8s) (Lag: Av=0.49s, max=0.8s) (Lag: Av=0.49s, max=0.8s)} 1-0